000 00875nam a2200313 a 4500
001 39762
003 AR-BaAGN
005 20231223063330.0
007 ta
008 220625s2018 ag |||||r|||| ||||||spa d
020 _a978-950-04-3940-4
040 _dAR-BaAGN
_aAR-BaAGN
_bspa
_eaacr
100 1 _aMonteleone, Jorge
245 1 0 _aHistoria critica de la literatura argentina 12 :
_buna literatura de aflicción
250 _a1ª ed.
260 _aBuenos Aires :
_bEmecé,
_c2018.
300 _a952 páginas
336 _2rdacontent
_btxt
337 _2rdamedia
_bn
338 _2rdacarrier
_bnc
650 4 _aLITERATURA
_91464
650 4 _aLITERATURA ARGENTINA
_92273
651 4 _aArgentina
_93645
700 1 _aJitrik, Noé,
_d1928-2022
_epbd
_92828
942 _cLIBRO
999 _c39762
_d39762